Robert Louis Stevenson/ (Record no. 233320)

000 -LEADER
fixed length control field nam a22 7a 4500
003 - CONTROL NUMBER IDENTIFIER
control field Nust
005 - DATE AND TIME OF LATEST TRANSACTION
control field 20170306180829.0
008 - FIXED-LENGTH DATA ELEMENTS--GENERAL INFORMATION
fixed length control field 170306b xxu||||| |||| 00| 0 eng d
020 ## - INTERNATIONAL STANDARD BOOK NUMBER
International Standard Book Number 9780753817421
040 ## - CATALOGING SOURCE
Transcribing agency Nust
082 ## - DEWEY DECIMAL CLASSIFICATION NUMBER
Classification number 821.8
Author Mark LOU
100 ## - MAIN ENTRY--PERSONAL NAME
Personal name Stevenson, Robert Louis
245 ## - TITLE STATEMENT
Title Robert Louis Stevenson/
Statement of responsibility, etc. by Robert Louis Stevenson;
260 ## - PUBLICATION, DISTRIBUTION, ETC.
Place of publication, distribution, etc. London
Name of publisher, distributor, etc. Phoenix
Date of publication, distribution, etc. 2003
300 ## - PHYSICAL DESCRIPTION
Extent 142 p.
650 ## - SUBJECT ADDED ENTRY--TOPICAL TERM
Topical term or geographic name entry element Children's poetry, English
General subdivision Fiction
942 ## - ADDED ENTRY ELEMENTS (KOHA)
Source of classification or shelving scheme
Koha item type Book
Holdings
Withdrawn status Lost status Source of classification or shelving scheme Damaged status Not for loan Permanent Location Current Location Shelving location Date acquired Total Checkouts Full call number Barcode Date last seen Date last checked out Copy number Price effective from Koha item type
          Central Library (CL) Central Library (CL) Fiction 03/06/2017 2 821.8 LOU CL1446 09/05/2023 07/24/2023 1 03/06/2017 Book
© 2023 Central Library, National University of Sciences and Technology. All Rights Reserved.